000 00698nam a2200265Ia 4500
003 OSt
005 20221006152822.0
006 a|||||r|||| 00| 0
007 ta
008 221006b |||||||| |||| 00| 0 jpn d
020 _c¥700
024 _a29,729
037 _bGift, Japan Foundation
_cTextual
040 _aEASL
_cEASL
_bjpn
041 _2jpn
_ajpn
082 _aX.42.N99, N9
100 _aHASHIMOTO Juro
_9661845
245 0 _aSengo no nihon keizai
260 _aTokyo
_bIwanami Japan
_c1999
300 _a246p.
_ccm.
490 _v JL
650 _aJL
942 _hX.42.N99, N9
_cTEXL
_2CC
999 _c1097815
_d1097815